Name a Border of Every South American Country - Statistics

General Stats
  • This quiz has been taken 919 times
  • The average score is 12 of 12
Answer Stats
Country Border % Correct
Argentina
100%
Bolivia
100%
Brazil
100%
Chile
99%
Colombia
99%
Ecuador
99%
Guyana
99%
Paraguay
99%
Peru
99%
Suriname
99%
Uruguay
99%
Venezuela
98%
No matching quizzes found
Score Distribution
Percent of People with Each Score
Percentile by Number Answered
Your Score History
You have not taken this quiz